Normal view
MARC view
- Humphreys, Chis C.
Entry Nombre Personal
001 - NUMERO DE CONTROL
- campo de control: 34423
003 - IDENTIFICADOR DE NUMERO DE CONTROL
- campo de control: UPN
005 - FECHA Y HORA DE LA ÜLTIMA TRANSACCIÓN
- campo de control: 20210219194452.0
008 - DATOS DE LONGITUD FIJA
- campo de control de longitud fija: nabaccnnaabn|||||||||| b |nc|||||d
035 ## - NUMERO DE CONTROL
- Número de control: UPN11000006530
040 ## - FUENTE DE CATALOGACIÓN
- Lenguaje de catalogación: SPA
- Agencia de transcripción: UPN
053 #4 - NÚMERO DE CLASIFICACIÓN LC
- Número de clasificación elemento-número único o número inicial de tramo: PR9199.4 H8.5
100 1# - ENCABEZAMIENTO - NOMBRE PERSONAL
- Nombre personal: Humphreys, Chis C.
670 ## - FUENTE EN LA QUE SE LOCALIZARON DATOS
- Cita de la fuente: LC/P
680 ## - NOTA PUBLICA DE ACCESO PÚBLICO
- Frase explicativa de la referencia: Actor británico, dramaturgo y novelista. Nacido en Toronto, fue criado en Los Angeles hasta la edad de siete años y se crió en el Reino Unido
902 ## - CATALOGADOR
- Catalogador: MITM/211113
